Nomi dei calciatori - Quiz n°7 - Statistics

Statistiche generali
  • Questo quiz è stato fatto 148 volte
  • Il punteggio medio è 8 su 10
Statistiche sulle risposte
Hint Risposta % Corretto
Mané Sadio
95%
Casillas Iker
89%
Martial Anthony
83%
Mendy Benjamin
81%
Mkhitaryan Henrikh
81%
Isak Alexander
75%
Lemar Thomas
74%
Ivanović Branislav
73%
Rog Marko
73%
Ekdal Albin
72%
Nessun quiz corrispondente trovato
Distribuzione punteggi
Percentuale di utenti per punteggio
Percentile per numero di risposta
I tuoi punteggi nel tempo
Non hai fatto questo quiz